00886nam a2200217Ia 4500999001700000082002800017245010500045260005100150300001300201440004000214650004100254650005000295650001400345650004100359650003100400700001700431700002100448700002100469942000700490952017100497 c21884d21884 a327.09541 SUB- SL1 0aSub-regional relations in the eastern South Asia: with special focus on India's north eastern region aJapanbInstitute of Developing Economiesc2005 avii, 320 aJoint Research Programe Series; 133 aRegional planningvIndia, North East aIndia, North EastvForeign economic relations aEconomics aIndia, North EastvForeign relations aForeign economic relations aInoue, Kyoko aHazarika, Sanjoy aMurayama, Mayumi cBK 00104070aNASSDOCbNASSDOCd2005-05-10eGifted by : Chairman's Secretariat, ICSSi2005-04-01l0o327.09541 SUB- SL1p40668r2019-04-18 00:00:00w2019-04-18yBK